000 00398nam a2200169Ia 4500
003 0STCL
008 150530s9999 xx 000 0 und d
040 _aSTCL
_cSTCL
100 _aKafka; Broad, M.; Editor
245 _aDiaries of Franzkarafka 1910-23
250 _aFirst
260 _bPenguin books
_c1982
546 _aEnglish
942 _2ddc
_cBK
999 _c60494
_d60494
005 20220125171136.0